Mending Your Soul (Record no. 17806)

MARC details
000 -LEADER
fixed length control field 00639nam a2200241 a 4500
020 ## - INTERNATIONAL STANDARD BOOK NUMBER
ISBN 9780805418347
082 00 - DEWEY DECIMAL CLASSIFICATION NUMBER
Classification number 248.483
Author Cutter RIC
100 ## - MAIN ENTRY--AUTHOR NAME
Author name Richard, Ramesh
245 ## - TITLE STATEMENT
Title Mending Your Soul
Sub title The Spiritual Path to Inner Wholeness
260 ## - PUBLICATION, DISTRIBUTION, ETC. (IMPRINT)
Place of publication Nashville
Name of publisher Broadman and Holman Publishers
Year of publication 1999
300 ## - PHYSICAL DESCRIPTION
Number of Pages 154p
500 ## - GENERAL NOTE
General note includes index and biblioraphy
505 2# - FORMATTED CONTENTS NOTE
Formatted contents note Endnotes
650 ## - SUBJECT ADDED ENTRY--TOPICAL TERM
Topical Term Spiritual Life
942 ## - ADDED ENTRY ELEMENTS (KOHA)
Koha item type Books
700 1# -
-- Richard, Ramesh
Holdings
Collection code Home library Current library Date acquired Cost, normal purchase price Full call number Accession Number Koha item type
  Henry Martyn Institute Library Henry Martyn Institute Library 05/23/2013 250.00 248.483 RIC 11002391 Books
                   Copyright © 2026 | Henry Martyn Institute | Hyderabad | TS-500052 | INDIA | Implemented by hmi.edu.in
Hit-Count:

Powered by Koha